000
00367nam a2200133Ia 4500
008
191206s9999 xx 000 0 und d
020
_a
812813383
090
_a
DE7.R33
245
0
_a
Who's who in the ancient world
260
_a
Stein and Day
260
_c
c[1971]
300
_a
"xlvi, 225 p. illus., maps (on lining papers) 27 cm"
999
_c
17289
_d
17289